| 000 | 00860nam a2200289 a 4500 | ||
|---|---|---|---|
| 001 | 000109874 | ||
| 003 | CHAP | ||
| 005 | 20220329144107.0 | ||
| 008 | 140604s2012 mx ad |rm |0|||||spa d | ||
| 010 | _a106336 | ||
| 011 | _a107308 | ||
| 040 | _cCHAP | ||
| 090 | _aTesis | ||
| 100 | 1 |
_aTerrones Salgado, José _9127213 |
|
| 245 | 1 | 0 |
_aAdaptación y rendimiento de genotipos de maíz en Huitzuco, Guerrero / _cpor José Terrones Salgado. |
| 260 |
_aCocula, Gro. : _bEl autor, _c2012. |
||
| 300 |
_axiii, 81 h. : _bil.,gráfs. |
||
| 502 | _aTesis (Ing. Agr. Fitotecnista) -- CSAEGRO | ||
| 590 |
_aE5652GLJ _b05 _c20140604 _lUCH01 _h1350 |
||
| 650 | 1 | 4 |
_aMaíz _xAnálisis. _970861 |
| 650 | 1 | 4 |
_aMaíz _xGenética. _970963 |
| 650 | 1 | 4 |
_aMaíz _xRendimiento. _971051 |
| 650 | 1 | 4 |
_aMaíz _xVariedades. _971081 |
| 901 | _aBK | ||
| 942 | _cTESIS | ||
| 942 | _n0 | ||
| 999 |
_c106336 _d106336 |
||